| 000 | 00391 a2200157 4500 | ||
|---|---|---|---|
| 001 | 168133 | ||
| 020 | _a | ||
| 040 | _cMagnum | ||
| 100 | _aRizzo, Gilda | ||
| 240 | 1 | 0 |
_aCreche: organizacao, curriculo, montagem e funcionamento _lpor |
| 245 | 1 | 0 | _aCreche: organizacao, curriculo, montagem e funcionamento |
| 362 | 0 | _a1899 | |
| 440 | 1 | _aBertrand Brasil | |
| 697 | _aGERAL | ||
| 942 | _cBK | ||
| 999 |
_c168133 _d168133 |
||